Equivariant cohomology theories /

Bibliographic Details
Main Author: Bredon, Glen E.
Corporate Author: SpringerLink (Online service)
Format: eBook
Language:English
Published: Berlin ; New York : Springer-Verlag, 1967.
Series:Lecture notes in mathematics (Springer-Verlag) ; 34.
Subjects:
Online Access:Connect to the full text of this electronic book

MARC

Tag First Indicator Second Indicator Subfields
LEADER 00000cam a2200000Ia 4500
001 in00003501366
006 m o d
007 cr unu||||||||
008 081221s1967 gw o 000 0 eng d
005 20260422201549.4
020 |a 9783540039051 (electronic bk.) 
020 |a 3540039058 (electronic bk.) 
020 |a 9783540349730 (electronic bk.) 
020 |a 3540349731 (electronic bk.) 
035 |a (OCoLC)289093277 
040 |a SPLNM  |b eng  |e pn  |c SPLNM  |d SPLNM  |d GW5XE  |d OCLCQ  |d OL$  |d OCLCO  |d GW5XE  |d OCLCF  |d OCLCQ  |d UtOrBLW 
049 |a TXAM 
050 4 |a QA611 
050 4 |a QA3  |b .L28 no. 34 
082 0 4 |a 512.55  |2 22 
100 1 |a Bredon, Glen E. 
245 1 0 |a Equivariant cohomology theories /  |c Glen E. Bredon. 
264 1 |a Berlin ;  |a New York :  |b Springer-Verlag,  |c 1967. 
300 |a 1 online resource (1 volume (various pagings) 
336 |a text  |b txt  |2 rdacontent 
337 |a computer  |b c  |2 rdamedia 
338 |a online resource  |b cr  |2 rdacarrier 
490 1 |a Lecture Notes in Mathematics,  |x 0075-8434 ;  |v 34 
588 |a Description based on print version record. 
500 |a Electronic resource. 
650 0 |a Homology theory. 
650 7 |a Homology theory.  |2 fast  |0 (OCoLC)fst00959720 
655 7 |a Electronic books.  |2 local 
710 2 |a SpringerLink (Online service) 
776 1 8 |i Print version:  |a Bredon, Glen E.  |t Equivariant cohomology theories.  |d Berlin, New York [etc.] Springer-Verlag, 1967  |w (DLC) 67025284  |w (OCoLC)649614 
830 0 |a Lecture notes in mathematics (Springer-Verlag) ;  |v 34. 
856 4 0 |u http://proxy.library.tamu.edu/login?url=https://link.springer.com/10.1007/BFb0082690  |z Connect to the full text of this electronic book  |t 0 
994 |a 92  |b TXA 
999 |a MARS 
999 f f |s fdc77dc1-7c8a-3fb5-8516-6d18ea0d3084  |i b18266f0-4869-3155-9fe7-92df1b5b603f  |t 0 
952 f f |a Texas A&M University  |b College Station  |c Electronic Resources  |s www_evans  |d Available Online  |t 0  |e QA3 .L28 no. 34  |h Library of Congress classification 
998 f f |a QA3 .L28 no. 34  |t 0  |l Available Online